| 000 | 00525nam a2200181Ia 4500 | ||
|---|---|---|---|
| 003 | OSt | ||
| 005 | 20250204144027.0 | ||
| 008 | 210210b1967 xxu||||| |||| 00| 0 eng d | ||
| 040 | _cAL | ||
| 041 | _akan | ||
| 082 | _a859/1169 | ||
| 100 |
_aBASAVARAJA KATTIMANI _9146366 _dಬಸವರಾಜ ಕಟ್ಟೀಮನಿ |
||
| 245 |
_aKhanavaliya niia: _b ಖಾನಾವಳಿಯ ನೀಲಾ |
||
| 260 |
_aBengaluru _bSharada Prakatanalalya _c1967 |
||
| 690 |
_aKannada Fiction _9146367 |
||
| 906 | _a021914 | ||
| 942 |
_2ddc _cBK |
||
| 999 |
_c146020 _d146020 |
||